| 000 | 01016nam a22002777a 4500 | ||
|---|---|---|---|
| 001 | 7788 | ||
| 003 | FISKH | ||
| 005 | 20250806150418.0 | ||
| 008 | 250806b cb ||||| |||| 00| 0 eng d | ||
| 020 | _a9781607271062 | ||
| 040 |
_aFISKH _beng _cFISKH _dFISKH |
||
| 050 | _aPZ7 | ||
| 082 | _a629.225 | ||
| 100 | _aGalvin, Laura Gates | ||
| 245 |
_aFirst look at rescue vehicles / _cWritten by Laura Gates Galvin : Illustrations by Susan Eaddy |
||
| 260 |
_aNorwalk : _bPalm Publishing, LLC , _c2011. |
||
| 300 |
_a16 pages : _bcolor illustrations ; _c19 X 19 cm. |
||
| 490 | _aSmithsonian First Look | ||
| 505 | _aE | ||
| 520 | _aDo you see the flashing lights and hear the blaring sirens? Make way for the rescue vehicles. This clever book uses vibrant clay art and photography to illustrate the types of vehicles that help people every day. | ||
| 521 | 8 |
_a200
_bLexile estimate |
|
| 521 | 8 |
_aE
_bRaz-Plus |
|
| 700 |
_aEaddy, Susan _eIllustrator |
||
| 942 |
_2ddc _cBK _n0 |
||
| 999 |
_c7788 _d7788 |
||